• 首页
  • 本馆介绍
  • 公告通知
  • 最新文献
  • 馆藏检索
  • 电子资源
  • 读者导购
  • 参考咨询
  • 我的图书馆
  • 登录
  • 详细信息显示
  • 放入我的书架
  • 预约/预借图书
  • 作者相关作品
  • 分类相关作品
  • 丛书相关作品
  • 出版社相关作品

书目信息

  • 表格格式
  • 工作单格式
  • 卡片格式
题名:
中国古代神话
    
 
作者: 史小东 编
分册:  
出版信息: 石家庄   花山文艺出版社  2021
页数: 154页
开本: 21cm
丛书名:
单 册:
中图分类: I276.5
科图分类:
主题词: 神话--作品集--中国--古代
电子资源:
ISBN: 978-7-5511-5695-0
000 00656nam0 2200229 450
001 011497402
005 20211203133404.0
010    @a978-7-5511-5695-0@dCNY27
100    @a20211122d2021 cemy0chiy0120 ea
101 0  @achi
102    @aCN@b130000
105    @aa z 000fy
106    @ar
200 1  @a中国古代神话@9zhong guo gu dai shen hua@f史小东编
210    @a石家庄@c花山文艺出版社@d2021
215    @a154页@c彩图@d21cm
300    @a神话传说/究慈主编 快乐读书吧·四年级上
606 0  @a神话@x作品集@y中国@z古代
690    @aI276.5@v5
701  0 @a史小东@9shi xiao dong@4编
801  0 @aCN@bBJXHZP@c20230228
905    @b1398599-602@dI276.5@e175@f4
    
    中国古代神话/史小东编.-石家庄:花山文艺出版社,2021
    154页:彩图;21cm
    神话传说/究慈主编 快乐读书吧·四年级上
    
    ISBN 978-7-5511-5695-0:CNY27
    
●
相关链接 在E读中查询图书 在五车中查询图书 在当当中查询图书 在豆瓣中查询图书


正题名:中国古代神话     索取号:I276.5/175         预约/预借

序号 登录号 条形码 馆藏地/架位号 状态 备注
1 1398599   213985990   第一样本阅览室/ [索取号:I276.5/175] 在馆    
2 1398600   213986007   第二借阅区/ [索取号:I276.5/175] 在馆    
3 1398601   213986016   第二借阅区/ [索取号:I276.5/175] 在馆    
4 1398602   213986025   第二借阅区/ [索取号:I276.5/175] 在馆    
唐山师范学院图书馆 欢迎您!
大连网信软件有限公司© 版权所有